00610nam a22002177a 4500003000500000005001700005008004100022010000900063011000900072035000900081040000900090082001600099111012900115245001300244260003700257300001000294500001100304650002900315700002700344700002100371CHAP20220329133157.0971013s1991 r 10010 d a3025 a3997 a3198 cCHAP a635.063bS500aSimposio Nacional Fisiología y Tecnología Postcosecha de Productos Hortícolas en México (d1988c: Hermosillo, Son.) aMemorias aMéxico, D. F. :bLimusa,c1991 a351 p aD48-8214aHorticulturaxCongresos.0 aHiguera C., Inocencio.0 aYahia, Elhadi M.